[Event "Warm up to 2000 III"]
[Site "SchemingMind.com"]
[Date "2006.12.05"]
[Round "-"]
[White "brankat"]
[Black "reptile"]
[Result "1-0"]
[WhiteCountry "CAN"]
[BlackCountry "ISR"]
[WhiteElo "2067"]
[WhiteRD "110"]
[BlackElo "1802"]
[BlackRD "70"]
[GameID "80302"]

1. e4 e5 2. Nf3 Nc6 3. Bb5 a6 4. Ba4 Nf6 5. O-O Nxe4 6. d4 b5 7. Bb3 d5 8. dxe5 Be6 9. Be3 Nc5 10. Nc3 Nxb3
11. cxb3 Ne7 12. Nd4 Qd7 13. Nxe6 Qxe6 14. Bc5 c6 15. a4 Qc8 16. axb5 axb5 17. Rxa8 Qxa8 18. b4 Ng6 19. f4 Bxc5+ 20. bxc5 O-O
21. Qd4 Re8 22. Rd1 Qa7 23. Re1 Qd7 24. Ne2 Nh4 25. Qf2 Ng6 26. Nd4 h6 27. b4 h5 28. g3 h4 29. gxh4 Qg4+ 30. Kh1 Qxf4
31. Qxf4 Nxf4 32. Nxc6 Nd3 33. Re3 Nf4 34. Nd4 Ne6 35. Nf5 Ra8 36. Ne7+ Kf8 37. Nxd5 Ra6 38. Nc3 Ra3 39. Kg2 Rb3 40. Nd5 Rb2+
41. Kg3 Nd4 42. Ra3 g6 43. Ra6 Rc2 44. Ra8+
1-0

[Event "Warm up to 2000 III"]
[Site "SchemingMind.com"]
[Date "2006.12.05"]
[Round "-"]
[White "reptile"]
[Black "brankat"]
[Result "0-1"]
[WhiteCountry "ISR"]
[BlackCountry "CAN"]
[WhiteElo "1894"]
[WhiteRD "73"]
[BlackElo "2079"]
[BlackRD "116"]
[GameID "80303"]

1. d4 Nf6 2. c4 e6 3. g3 c5 4. d5 exd5 5. cxd5 d6 6. Nc3 g6 7. Bg2 Bg7 8. e4 O-O 9. Nge2 Re8 10. O-O a6
11. a4 Nbd7 12. a5 b6 13. axb6 Qxb6 14. Bf4 Rb8 15. Qc2 Qxb2 16. Qxb2 Rxb2 17. Bxd6 Nxe4 18. Bxe4 Rxe2 19. Nxe2 Bxa1 20. Rxa1 Rxe4
21. Nc3 Rc4 22. Ra3 f6 23. Kg2= Kf7 24. Bc7 Rd4 25. Ra2 Bb7 26. Kf1 Rd3 27. Rc2 Bxd5 28. Ke1 Bf3 29. Rd2 Rd4 30. Nb1 Ne5
31. Bb6 Re4+ 32. Kf1 Rc4
0-1

[Event "Warm up to 2000 III"]
[Site "SchemingMind.com"]
[Date "2006.12.05"]
[Round "-"]
[White "jaybekay"]
[Black "reptile"]
[Result "1/2-1/2"]
[WhiteCountry "USA"]
[BlackCountry "ISR"]
[WhiteElo "1827"]
[WhiteRD "110"]
[BlackElo "1961"]
[BlackRD "76"]
[GameID "80304"]

1. e4 e5 2. Nf3 Nc6 3. Bb5 a6 4. Ba4 Nf6 5. Qe2 b5 6. Bb3 Bc5 7. a4 Bb7 8. Nc3 b4 9. Nd5 Nd4 10. Nxd4 exd4
11. O-O O-O 12. d3 h6 13. Re1 Re8 14. Nxf6+ Qxf6 15. Bd2 a5 16. Qg4 Rad8 17. f4 d5 18. exd5 Rxe1+ 19. Rxe1 Bc8 20. Qe2 Bd6
21. Qf2 Bd7 22. f5 Re8 23. Rxe8+ Bxe8 24. Qe1 Bd7 25. g4 h5 26. h3 g6 27. fxg6 hxg4 28. gxf7+ Qxf7 29. hxg4 Bxg4 30. Qh4 Qg6
31. Qg5 Kg7 32. Kf2 Qxg5 33. Bxg5 Kg6 34. Bh4 Kf5 35. Bg3 Bxg3+ 36. Kxg3 Bd1 37. d6 cxd6 38. Kf2= Ke5 39. Ke1 Bh5 40. Bg8 Kf4
41. Bd5 Ke5 42. Bg2 Ke6 43. Kd2 Ke5=
1/2-1/2

[Event "Warm up to 2000 III"]
[Site "SchemingMind.com"]
[Date "2006.12.05"]
[Round "-"]
[White "jaybekay"]
[Black "brankat"]
[Result "0-1"]
[WhiteCountry "USA"]
[BlackCountry "CAN"]
[WhiteElo "1776"]
[WhiteRD "105"]
[BlackElo "2151"]
[BlackRD "156"]
[GameID "80305"]

1. e4 c5 2. Nf3 Nc6 3. Bb5 d6 4. O-O Bg4 5. h3 Bh5 6. c3 a6 7. Bxc6+ bxc6 8. d4 cxd4 9. cxd4 Nf6 10. Bg5 Qb6
11. Bxf6 gxf6 12. Qc2 Bxf3 13. gxf3 Bh6 14. Nd2 Rb8 15. b3 Rg8+ 16. Kh1 Qxd4 17. Qxc6+ Kf8 18. Nc4 Qd3 19. e5 Qf5
0-1

[Event "Warm up to 2000 III"]
[Site "SchemingMind.com"]
[Date "2006.12.06"]
[Round "-"]
[White "reptile"]
[Black "jaybekay"]
[Result "0-1"]
[WhiteCountry "ISR"]
[BlackCountry "USA"]
[WhiteElo "1961"]
[WhiteRD "76"]
[BlackElo "1827"]
[BlackRD "110"]
[GameID "80306"]

1. d4 d5 2. c4 e6 3. g3 c6 4. Bg2 Nf6 5. Nf3 Bd6 6. Qc2 O-O 7. O-O Nbd7 8. Nbd2 Re8 9. Rd1 Nf8 10. e4 dxe4
11. Nxe4 Nxe4 12. Qxe4 Qc7 13. Ne5 f6 14. Nf3 e5 15. Bd2 f5 16. Qc2 e4 17. Nh4 Be7 18. Rac1 g5 19. d5 gxh4 20. Bc3 cxd5
21. Qd2 Ne6 22. cxd5 Bg5 23. Qe2 Bxc1 24. Rxc1 Ng7 25. Qd2 hxg3 26. hxg3 e3 27. Qe2 exf2+ 28. Qxf2 Nh5 29. Qf3 Nxg3 30. Rc2 Ne4
31. Qe3 Qc5 32. Bd4 Qxc2 33. Bxe4 Qd1+ 34. Kf2 Qg4 35. Qh6 Rxe4 36. Qf6 Re2+
0-1

[Event "Warm up to 2000 III"]
[Site "SchemingMind.com"]
[Date "2006.12.05"]
[Round "-"]
[White "brankat"]
[Black "jaybekay"]
[Result "1-0"]
[WhiteCountry "CAN"]
[BlackCountry "USA"]
[WhiteElo "2198"]
[WhiteRD "141"]
[BlackElo "1766"]
[BlackRD "98"]
[GameID "80307"]

1. e4 d5 2. exd5 Nf6 3. d4 Nxd5 4. Nf3 g6 5. c4 Nb6 6. Nc3 Bg7 7. Be2 O-O 8. O-O Nc6 9. d5 Ne5 10. c5 Nxf3+
11. Bxf3 Nd7 12. Be3 Ne5 13. Be2 b6 14. c6 f5 15. f4 Nf7 16. Bd4 e5 17. fxe5 Nxe5 18. Qa4 Re8 19. Kh1 a6 20. Rae1 Ng4
21. Bxg4 Rxe1 22. Rxe1 fxg4 23. Bxg7 Kxg7 24. Qd4+ Kf7 25. d6 Qxd6 26. Qh8
1-0

[Event "Warm up to 2000 III"]
[Site "SchemingMind.com"]
[Date "2006.12.06"]
[Round "-"]
[White "paddyBosnian"]
[Black "reptile"]
[Result "1-0"]
[WhiteCountry "BIH"]
[BlackCountry "ISR"]
[WhiteElo "2039"]
[WhiteRD "86"]
[BlackElo "1802"]
[BlackRD "70"]
[GameID "80473"]

1. d4 Nf6 2. c4 g6 3. Nc3 Bg7 4. e4 d6 5. Nf3 O-O 6. Be2 e5 7. O-O Nc6 8. d5 Ne7 9. Ne1 Nd7 10. Be3 f5
11. f3 f4 12. Bf2 g5 13. b4 Nf6 14. c5 Ng6 15. cxd6 cxd6 16. Rc1 Rf7 17. a4 Bf8 18. a5 Bd7 19. Bb5 g4 20. Bxd7 Qxd7
21. Qe2 g3 22. hxg3 fxg3 23. Bxg3 Nh5 24. Bh2 Nhf4 25. Qf2 Rc8 26. Kh1 Be7 27. Ne2 Rxc1 28. Nxc1 Qb5 29. g3 Nh3 30. Qg2 Ng5
31. Ncd3 Qc4 32. Rf2 Qc8 33. Rc2 Qh3 34. Qxh3 Nxh3 35. Rc8+ Bf8 36. Kg2 Ng5 37. b5 h5 38. Bg1 h4 39. Bxa7 h3+ 40. Kh2 Nxf3+
41. Nxf3 Rxf3 42. Nf2 Rb3 43. Nxh3
1-0

[Event "Warm up to 2000 III"]
[Site "SchemingMind.com"]
[Date "2006.12.05"]
[Round "-"]
[White "paddyBosnian"]
[Black "brankat"]
[Result "1/2-1/2"]
[WhiteCountry "BIH"]
[BlackCountry "CAN"]
[WhiteElo "1941"]
[WhiteRD "79"]
[BlackElo "2038"]
[BlackRD "122"]
[GameID "80474"]

1. d4 Nf6 2. c4 g6 3. Nc3 Bg7 4. e4 O-O 5. Nf3 d6 6. Be2 e5 7. O-O Nbd7 8. Re1 Re8 9. Bf1 exd4 10. Nxd4 c6
11. Nc2 Qc7 12. Bf4 Ne5 13. Qd2 Nh5 14. Be3 Be6 15. b3 Ng4 16. f3 Nxe3 17. Nxe3=
1/2-1/2

[Event "Warm up to 2000 III"]
[Site "SchemingMind.com"]
[Date "2006.12.06"]
[Round "-"]
[White "paddyBosnian"]
[Black "jaybekay"]
[Result "1-0"]
[WhiteCountry "BIH"]
[BlackCountry "USA"]
[WhiteElo "1933"]
[WhiteRD "77"]
[BlackElo "1766"]
[BlackRD "98"]
[GameID "80475"]

1. d4 d5 2. c4 e6 3. Nf3 c6 4. g3 Nf6 5. Bg2 Bd6 6. O-O O-O 7. Qc2 Nbd7 8. Nbd2 Re8 9. e4 dxe4 10. Nxe4 Nxe4
11. Qxe4 Nf6 12. Qd3 c5 13. dxc5 Bxc5 14. Qxd8 Rxd8 15. Bg5 Be7 16. Rad1 h6 17. Rxd8+ Bxd8 18. Rd1 Be7 19. Bf4 Nd7 20. Bc7 Bf6
21. Nd4 a6 22. b4 Be5 23. Bxe5 Nxe5 24. c5 Kf8 25. f4 Nc4 26. Kf2 e5 27. Bd5 Bg4 28. Rd3 Nb2 29. Rd2 exd4 30. Rxb2 Rb8
31. Rd2 Be6 32. Bxe6 fxe6 33. Rxd4 Ke7 34. Rd6 a5 35. a3 axb4 36. axb4 Ra8 37. Ke3
1-0

[Event "Warm up to 2000 III"]
[Site "SchemingMind.com"]
[Date "2006.12.06"]
[Round "-"]
[White "reptile"]
[Black "paddyBosnian"]
[Result "0-1"]
[WhiteCountry "ISR"]
[BlackCountry "BIH"]
[WhiteElo "1802"]
[WhiteRD "70"]
[BlackElo "2039"]
[BlackRD "86"]
[GameID "80476"]

1. c4 Nf6 2. g3 c5 3. Bg2 Nc6 4. Nc3 g6 5. Nf3 Bg7 6. O-O O-O 7. d3 d5 8. cxd5 Nxd5 9. Bd2 Nxc3 10. Bxc3 e5
11. Nd2 Qc7 12. Rc1 Be6 13. Nc4 Bxc4 14. dxc4 Rad8 15. Qb3 Nd4 16. Bxd4 exd4 17. Rfd1 Rfe8 18. Qd3 Kh8 19. Bd5 f5 20. Qf3 Bh6
21. Rc2 b6 22. Rd3= Qe5 23. b3= Re7 24. Kf1 Rd6 25. h4 Rf6 26. Kg2 Rg7 27. e3 dxe3 28. fxe3 g5 29. h5 g4 30. Qf2 Rg5
31. Qf4 Qe8 32. Qc7 Rg7
0-1

[Event "Warm up to 2000 III"]
[Site "SchemingMind.com"]
[Date "2006.12.05"]
[Round "-"]
[White "brankat"]
[Black "paddyBosnian"]
[Result "1/2-1/2"]
[WhiteCountry "CAN"]
[BlackCountry "BIH"]
[WhiteElo "2038"]
[WhiteRD "122"]
[BlackElo "1941"]
[BlackRD "79"]
[GameID "80477"]

1. e4 c5 2. Nf3 d6 3. d4 cxd4 4. Nxd4 Nf6 5. Nc3 g6 6. Be3 Bg7 7. Qd2 O-O 8. f3 Nc6 9. O-O-O Nxd4 10. Bxd4 Be6
11. Kb1 Qc7 12. h4 Rfc8 13. h5 Qa5 14. hxg6 hxg6 15. a3 Rab8 16. g4 b5 17. g5 b4=
1/2-1/2

[Event "Warm up to 2000 III"]
[Site "SchemingMind.com"]
[Date "2006.12.06"]
[Round "-"]
[White "jaybekay"]
[Black "paddyBosnian"]
[Result "1-0"]
[WhiteCountry "USA"]
[BlackCountry "BIH"]
[WhiteElo "1766"]
[WhiteRD "98"]
[BlackElo "1933"]
[BlackRD "77"]
[GameID "80478"]

1. e4 c5 2. Nf3 d6 3. Bb5+ Bd7 4. Bxd7+ Qxd7 5. c4 Nc6 6. d4 cxd4 7. Nxd4 Nf6 8. Nc3 g6 9. O-O Bg7 10. Nde2 O-O
11. f3 a6 12. a4 Qc7 13. Kh1 Nd7 14. Be3 Nc5 15. Rb1 Qa5 16. Bd2 Nd3 17. Nd5 Qc5 18. Be3 Nxb2 19. Rxb2 Qxc4 20. Rxb7 e6
21. Ne7+ Nxe7 22. Rxe7 Rab8 23. Rd7 Rb2 24. Re1 Be5 25. Bh6 Ra8 26. f4 Qc6 27. fxe5 Qxd7 28. exd6 e5 29. Qd5 Rab8 30. Qxe5 f6
31. Qxf6 Rxe2 32. Rf1 Re1 33. Rxe1 Qf7 34. Qxf7+ Kxf7 35. e5 Ke6 36. h3 Rb4 37. a5 Rb5 38. Rd1 Kd7 39. e6+ Kd8 40. h4 Rh5
41. Bg5+
1-0

[Event "Warm up to 2000 III"]
[Site "SchemingMind.com"]
[Date "2006.12.06"]
[Round "-"]
[White "Estebandido"]
[Black "reptile"]
[Result "1/2-1/2"]
[WhiteCountry "CHI"]
[BlackCountry "ISR"]
[WhiteElo "2097"]
[WhiteRD "84"]
[BlackElo "1961"]
[BlackRD "76"]
[GameID "80593"]

1. e4 e5 2. Nf3 Nc6 3. Bb5 a6 4. Ba4 Nf6 5. O-O Nxe4 6. Re1 Nc5 7. Bb3 Nxb3 8. Nxe5 Be7 9. Nxc6 dxc6 10. axb3 O-O
11. d3 Bd6 12. Nc3 Qh4 13. g3 Qh3 14. Ra4 Be6 15. Rh4 Qf5 16. Qe2 Rfe8 17. Bd2 Bd7 18. Re4=
1/2-1/2

[Event "Warm up to 2000 III"]
[Site "SchemingMind.com"]
[Date "2006.12.06"]
[Round "-"]
[White "Estebandido"]
[Black "paddyBosnian"]
[Result "1/2-1/2"]
[WhiteCountry "CHI"]
[BlackCountry "BIH"]
[WhiteElo "2062"]
[WhiteRD "84"]
[BlackElo "1956"]
[BlackRD "81"]
[GameID "80594"]

1. e4 c5 2. Nf3 d6 3. d4 cxd4 4. Nxd4 Nf6 5. Nc3 g6 6. Be3 Bg7 7. f3 Nc6 8. Nxc6 bxc6 9. Bc4 O-O 10. Qd2 Nd7
11. O-O Ne5 12. Bb3 Ba6 13. Rfd1 Nc4 14. Bxc4 Bxc4 15. Bd4 Bxd4+ 16. Qxd4 Qb6 17. Qxb6 axb6 18. a4 Rfb8 19. Rd4 Be6 20. Kf2 c5
21. Rd2 b5 22. b3 bxa4 23. Rxa4 Rxa4 24. bxa4 Bc4 25. e5 dxe5 26. Ne4 Rc8 27. Rd7 f5 28. Nd2 Bf7= 29. Rxe7 Rd8 30. Ke2 e4
31. fxe4 Rd4 32. exf5 Rxa4 33. f6 Bd5 34. Rg7+ Kf8= 35. Rxh7 Bxg2 36. Nb3 Ra2 37. Kd2 Be4 38. Ke3 Bxc2 39. Nxc5 Bf5 40. h4 Rb2=
41. Kd4 g5 42. Rh5 Kf7 43. hxg5 Rg2 44. Nb7 Bg6 45. Nd6+ Ke6 46. f7 Ke7 47. Rh3 Bxf7 48. Nf5+ Ke6=
1/2-1/2

[Event "Warm up to 2000 III"]
[Site "SchemingMind.com"]
[Date "2006.12.09"]
[Round "-"]
[White "Estebandido"]
[Black "brankat"]
[Result "1-0"]
[WhiteCountry "CHI"]
[BlackCountry "CAN"]
[WhiteElo "2108"]
[WhiteRD "92"]
[BlackElo "2038"]
[BlackRD "122"]
[GameID "80595"]

1. e4 c5 2. Nf3 d6 3. d4 cxd4 4. Nxd4 Nf6 5. Nc3 Nc6 6. Bg5 Qb6 7. Be3 a6 8. Nb3 Qd8 9. Be2 g6 10. h3 Bg7
11. f3 O-O 12. Qd2 a5 13. Bb5 Bd7 14. O-O-O Rc8 15. a3 Ne5 16. f4 Nc4 17. Bxc4 Rxc4 18. e5 Nh5 19. g4 Ng3 20. Rhg1 Rxc3
21. bxc3 Ne4 22. Qd3 Bc6 23. Nc5 Nxc5 24. Bxc5 b6 25. Bf2 Qb8 26. exd6 Rd8 27. Qe3 Rxd6 28. Qxb6 Rxd1+ 29. Rxd1 Qxf4+ 30. Be3 Qa4
31. Qxc6 Qxc6 32. Rd8+ Bf8 33. Bh6 Qh1+ 34. Kb2 Qb7+ 35. Ka2 Qd5+ 36. Rxd5 Bxh6 37. g5 Bf8 38. Rxa5 h6 39. h4 f5 40. c4 hxg5
41. hxg5 Kf7 42. c5 Ke6 43. Ra6+ Kd5 44. c6 Kd6 45. c7+
1-0

[Event "Warm up to 2000 III"]
[Site "SchemingMind.com"]
[Date "2006.12.06"]
[Round "-"]
[White "Estebandido"]
[Black "jaybekay"]
[Result "1-0"]
[WhiteCountry "CHI"]
[BlackCountry "USA"]
[WhiteElo "1941"]
[WhiteRD "96"]
[BlackElo "1776"]
[BlackRD "105"]
[GameID "80596"]

1. e4 d5 2. exd5 Nf6 3. d4 Nxd5 4. Nf3 g6 5. Be2 Bg7 6. O-O O-O 7. c4 Nb6 8. Nc3 Nc6 9. d5 Ne5 10. c5 Nxf3+
11. Bxf3 Nd7 12. Be3 Ne5 13. Be2 c6 14. f4 Nd7 15. Bf3 Qc7 16. Bd4 Qxf4 17. Bxg7 Kxg7 18. dxc6 Nxc5 19. Kh1 Qc7 20. Qd4+
1-0

[Event "Warm up to 2000 III"]
[Site "SchemingMind.com"]
[Date "2006.12.06"]
[Round "-"]
[White "reptile"]
[Black "Estebandido"]
[Result "1/2-1/2"]
[WhiteCountry "ISR"]
[BlackCountry "CHI"]
[WhiteElo "1894"]
[WhiteRD "73"]
[BlackElo "2062"]
[BlackRD "84"]
[GameID "80597"]

1. d4 Nf6 2. c4 g6 3. g3 Bg7 4. Bg2 O-O 5. Nc3 Nc6 6. Nf3 d5 7. cxd5 Nxd5 8. O-O e5 9. Nxd5 Qxd5 10. Nxe5 Qxd4
11. Nxc6 bxc6 12. Qxd4 Bxd4 13. Bxc6 Rb8 14. Rd1 Bxb2 15. Rb1 Rb6 16. Bf3 Be5 17. Be3 Rxb1 18. Rxb1 a6 19. Bc5 Rd8 20. Rb8 Bf6
21. Ra8 Bh3 22. e3 Rxa8 23. Bxa8 Kg7 24. Bb4 Be6= 25. a3 Bb2 26. Bc6=
1/2-1/2

[Event "Warm up to 2000 III"]
[Site "SchemingMind.com"]
[Date "2006.12.06"]
[Round "-"]
[White "paddyBosnian"]
[Black "Estebandido"]
[Result "0-1"]
[WhiteCountry "BIH"]
[BlackCountry "CHI"]
[WhiteElo "1979"]
[WhiteRD "78"]
[BlackElo "2097"]
[BlackRD "84"]
[GameID "80598"]

1. d4 Nf6 2. c4 g6 3. Nc3 Bg7 4. e4 d6 5. Nf3 O-O 6. Be2 e5 7. O-O Nc6 8. d5 Nd4 9. Nxd4 exd4 10. Qxd4 Nd7
11. Qd1 Nc5 12. f3 Bd7 13. Be3 f5 14. Bd4 fxe4 15. Bxg7 Kxg7 16. Qd4+ Qf6 17. Qxf6+ Rxf6 18. fxe4 Raf8 19. Rxf6 Rxf6 20. b4 Na4
21. Nxa4 Bxa4 22. c5 a6 23. Re1 Rf8 24. Bg4 h5 25. Be6 Bb5 26. g3 Kf6 27. e5+ dxe5 28. Kf2 Bd3 29. g4 e4 30. Rg1 Ke5+
31. Ke1 h4 32. g5= e3 33. Bg4 Kxd5 34. Be2 Be4 35. Rg4 Rf5 36. h3 Rf2
0-1

[Event "Warm up to 2000 III"]
[Site "SchemingMind.com"]
[Date "2006.12.09"]
[Round "-"]
[White "brankat"]
[Black "Estebandido"]
[Result "0-1"]
[WhiteCountry "CAN"]
[BlackCountry "CHI"]
[WhiteElo "2038"]
[WhiteRD "122"]
[BlackElo "2108"]
[BlackRD "92"]
[GameID "80599"]

1. d4 Nf6 2. c4 g6 3. Nf3 Bg7 4. g3 O-O 5. Bg2 d6 6. Nc3 Nbd7 7. O-O e5 8. e4 c6 9. Re1 Re8 10. h3 a6
11. Be3 exd4 12. Nxd4 c5 13. Nde2 Ne5 14. Qb3 Be6 15. Nd5 b5 16. cxb5 Bxd5 17. exd5 c4 18. Qa4 axb5 19. Qxb5 Qc7 20. Bb6 Qb7
21. a4 Nd3 22. Be3 Qxb5 23. axb5 Nxe1 24. Rxe1 Nd7 25. Rc1 Ra4 26. Nc3 Rb4 27. Bf4 Rxb2 28. Ne4 c3 29. Nxd6 Ra8 30. Ne4 c2
31. Bf1 Nb6 32. d6 Rc8 33. Bd3 f5 34. Ng5 Rc3 35. Be2 Rb1 36. Kh2 Bf8 37. Bd2 Rxc1 38. Bxc1 Bxd6 39. Ne6 Ba3 40. Bd2 c1=Q
41. Bxc1 Bxc1 42. Kg2 Kf7 43. Nd4 Kf6 44. Bf3 Rc4 45. Ne2 Ke5 46. Nxc1 Rxc1 47. Bc6 Nd5 48. h4 Nc7 49. h5 g5
0-1

[Event "Warm up to 2000 III"]
[Site "SchemingMind.com"]
[Date "2006.12.06"]
[Round "-"]
[White "jaybekay"]
[Black "Estebandido"]
[Result "1/2-1/2"]
[WhiteCountry "USA"]
[BlackCountry "CHI"]
[WhiteElo "1776"]
[WhiteRD "105"]
[BlackElo "1941"]
[BlackRD "96"]
[GameID "80600"]

1. e4 c5 2. Nf3 d6 3. Bb5+ Bd7 4. Bxd7+ Qxd7 5. c4 Nc6 6. Nc3 g6 7. d4 Bg7 8. d5 Ne5 9. Nxe5 Bxe5 10. Qf3 Nf6
11. Bd2 O-O 12. O-O Ng4 13. Bf4 Bd4 14. Bg3 f5 15. exf5 Qxf5 16. Qe2 Rf7 17. Nb5 Ne5 18. Rad1 Qf6 19. Nxd4 cxd4 20. Kh1 d3
21. Qe4 Nd7 22. Qe6 Nc5 23. Qxf6 Rxf6 24. f3 Rc8 25. b3 Rf5 26. Rfe1 Kf7 27. Bf2 b5 28. Bxc5 Rxc5 29. Re4 Re5 30. Rxe5 dxe5
31. Rxd3 bxc4 32. Rd1 c3 33. Kg1 Kf6 34. Kf2 c2 35. Rc1 e4 36. fxe4 Ke5 37. Ke3 Rc3+ 38. Kd2 Kd4 39. b4 Rd3+ 40. Kxc2 Rc3+
41. Kd2 Rxc1 42. Kxc1 Kxe4 43. Kd2 Kxd5 44. Kd3 e5 45. h4 e4+ 46. Kc3 Ke5 47. a4 Kd5 48. g4 h6 49. g5 h5 50. Kd2 Kc4=
1/2-1/2

[Event "Warm up to 2000 III"]
[Site "SchemingMind.com"]
[Date "2006.12.08"]
[Round "-"]
[White "calidore"]
[Black "reptile"]
[Result "0-1"]
[WhiteCountry "ISR"]
[BlackCountry "ISR"]
[WhiteElo "1889"]
[WhiteRD "65"]
[BlackElo "1821"]
[BlackRD "82"]
[GameID "81068"]

1. e4 e5 2. Nf3 Nc6 3. Bc4 Bc5 4. b4 Bxb4 5. c3 Ba5 6. d4 exd4 7. O-O Nge7 8. cxd4 d5 9. exd5 Nxd5 10. Ng5 O-O
11. Nxh7 Kxh7 12. Qh5+ Kg8 13. Bxd5 Bb4 14. Bb2 Qf6 15. Rd1 Ne7 16. Be4 g6 17. Qf3 Qxf3 18. Bxf3 c6 19. Nc3 Be6 20. Ne4 Nd5
21. a3 Be7 22. Nc5 Bc8 23. Bxd5 cxd5 24. Nd3 Bf5 25. Ne5 Rac8 26. Rac1= Rxc1 27. Rxc1 Rc8 28. Rxc8+ Bxc8 29. g4 Kg7 30. h3 f6
31. Nd3 Kf7 32. Kg2 Bd7 33. f4 Bb5 34. Nb4 Bc4 35. Nc2 b5 36. Kf3 a5 37. Ke3 Bd6 38. h4 b4 39. axb4 axb4 40. Ne1 Bb3
41. Nd3 Bd1 42. g5 Ke6 43. Nc5+ Kf5 44. Nd3 Bc2 45. gxf6 Bxd3 46. Kxd3 Bxf4 47. f7 Bd6 48. Bc1 Kf6 49. Bg5+ Kxf7 50. Bd8 Ke6
51. Bg5 Kf5 52. Bd8 Kg4 53. Kc2 Bg3 54. Be7 Bxh4 55. Bxb4 Kf3 56. Bd6 Bg3 57. Be5 g5 58. Kd2 Bf4+ 59. Ke1 Ke4 60. Bf6 g4
61. Kf1 Kf3 62. Be5 g3 63. Bxf4 Kxf4 64. Kg2 Ke3 65. Kxg3 Kxd4 66. Kf3 Kd3 67. Kf2 Kd2
0-1

[Event "Warm up to 2000 III"]
[Site "SchemingMind.com"]
[Date "2006.12.08"]
[Round "-"]
[White "calidore"]
[Black "paddyBosnian"]
[Result "0-1"]
[WhiteCountry "ISR"]
[BlackCountry "BIH"]
[WhiteElo "1836"]
[WhiteRD "62"]
[BlackElo "1962"]
[BlackRD "72"]
[GameID "81069"]

1. e4 c5 2. c3 d5 3. exd5 Qxd5 4. d4 Nf6 5. Nf3 Bg4 6. Be2 e6 7. O-O Nc6 8. Be3 cxd4 9. cxd4 Be7 10. Nc3 Qa5
11. h3 Bh5 12. Qb3 Qb4 13. Qxb4 Bxb4 14. Rac1 O-O 15. Rfd1= Rfd8 16. a3 Be7 17. Ne5 Bxe2 18. Nxe2 Nxe5 19. dxe5 Nd5 20. Bd4 b6
21. Nc3 h6 22. Nxd5 Rxd5 23. Bc3= Rad8 24. Rxd5 Rxd5 25. Kf1 Kh7 26. Ke2 Bg5 27. Rd1 Rxd1 28. Kxd1 Kg6 29. Ke2 Kf5 30. Kf3 Bc1
31. a4= a6 32. b3 b5 33. axb5 axb5 34. Bd4 h5 35. g4+ Kg5 36. Bc3 Kh4 37. gxh5 Bg5 38. Kg2 Kxh5 39. f3= Bf4 40. Kf2 Kg5
41. Ke2 Kf5 42. Kd3 Bxe5 43. Bd2 Bf4 44. Bc3 f6 45. Bd4 Bd6 46. Be3 Ke5 47. Bg1 Kd5 48. Bd4 e5 49. Bc3 f5 50. Bd2 Bc5
51. Bc3 g6 52. Bd2 e4+ 53. fxe4+ fxe4+ 54. Ke2 Bg1 55. Bc3 Kc5 56. Kf1 Bd4 57. Be1 Bb2 58. Ke2 Kd4 59. Ba5 Bc1 60. Bb4 e3
61. Ba5 Bd2 62. Bxd2 exd2 63. Kxd2 g5 64. Kc2 Ke3 65. Kc3 Kf3 66. Kb4 Kg3 67. Kxb5 Kxh3 68. Kc6 g4 69. b4 g3 70. b5 g2
71. b6 g1=Q 72. b7 Qg3 73. Kd7 Qb8
0-1

[Event "Warm up to 2000 III"]
[Site "SchemingMind.com"]
[Date "2006.12.09"]
[Round "-"]
[White "calidore"]
[Black "Estebandido"]
[Result "0-1"]
[WhiteCountry "ISR"]
[BlackCountry "CHI"]
[WhiteElo "1836"]
[WhiteRD "62"]
[BlackElo "2117"]
[BlackRD "95"]
[GameID "81070"]

1. e4 c5 2. c3 Nf6 3. e5 Nd5 4. d4 cxd4 5. cxd4 d6 6. Nf3 Nc6 7. Nc3 Nxc3 8. bxc3 dxe5 9. d5 e4 10. Ng5 Ne5
11. Nxe4 a6 12. Qd4 Ng6 13. Ba3 e5 14. Qa4+ Bd7 15. Qb3 Qh4 16. Bd3 Nf4 17. Bf1 Ng6 18. Bd3 Nf4 19. Bf1 Nxd5 20. Qxd5 Bxa3
21. Qxe5+ Qe7 22. Qxe7+= Bxe7 23. Be2 Bc6 24. Bf3 O-O-O 25. O-O f5 26. Ng3 Bxf3 27. gxf3 f4 28. Ne4= Kc7 29. Rfd1 Rxd1+ 30. Rxd1 Rd8
31. Rxd8= Bxd8 32. Kf1 Kc6 33. Ke2 b5 34. Kd3 Kd5 35. Nd2 Be7 36. Ne4 g6 37. Nd2 h6 38. Ne4 h5 39. Nd2 g5 40. h3= a5
41. Nb3 Bd8 42. Nd4 b4 43. cxb4 axb4 44. Nb3 Bb6 45. Nd2 Bxf2 46. Ne4 Bh4 47. Nf6+ Ke6 48. Ne4 Ke5 49. Ke2 Kd4 50. Kd2 g4
51. hxg4 hxg4 52. Ke2 Bd8 53. Nd6 g3 54. Ne4 Be7 55. Nd2 Kc3 56. Nb3 Kb2
0-1

[Event "Warm up to 2000 III"]
[Site "SchemingMind.com"]
[Date "2006.12.09"]
[Round "-"]
[White "calidore"]
[Black "brankat"]
[Result "0-1"]
[WhiteCountry "ISR"]
[BlackCountry "CAN"]
[WhiteElo "1826"]
[WhiteRD "61"]
[BlackElo "2198"]
[BlackRD "141"]
[GameID "81071"]

1. e4 c5 2. c3 Nf6 3. e5 Nd5 4. d4 cxd4 5. cxd4 d6 6. Nf3 Nc6 7. Nc3 dxe5 8. Nxe5 Nxc3 9. Nxc6 Nxd1 10. Nxd8 Kxd8
11. Kxd1 Bd7 12. d5 g6 13. Bf4 Bg7 14. Bd3 Bxb2 15. Rb1 Bd4 16. Rxb7 Bc8 17. Bc7+ Ke8 18. Bb5+ Kf8 19. Rb8 Rxb8 20. Bxb8 Bxf2
21. Be5 f6 22. Rf1 Bc5 23. Bb2 Kg7 24. Bc6 Rd8 25. Kc2 Bf5+ 26. Kc3 Bd6 27. Kc4 Bxh2 28. Ba3 e6 29. dxe6 Bxe6+ 30. Kc5 Bd6+
0-1

[Event "Warm up to 2000 III"]
[Site "SchemingMind.com"]
[Date "2006.12.08"]
[Round "-"]
[White "calidore"]
[Black "jaybekay"]
[Result "1-0"]
[WhiteCountry "ISR"]
[BlackCountry "USA"]
[WhiteElo "1826"]
[WhiteRD "61"]
[BlackElo "1766"]
[BlackRD "98"]
[GameID "81072"]

1. e4 d5 2. exd5 Nf6 3. Nc3 Nxd5 4. Bc4 Nxc3 5. Qf3 e6 6. dxc3 Nc6 7. Bf4 Bd6 8. Rd1 Qe7 9. Bxd6 cxd6 10. Qg3 O-O
11. Qxd6 Qh4 12. Bd3 Rd8 13. Qg3 Qxg3 14. hxg3 g6 15. Nf3 f6 16. O-O Kf8 17. Rfe1 e5 18. Be4 Bg4 19. Bxc6 bxc6 20. Rd3 Bf5
21. Rxd8+ Rxd8 22. Rc1 Bg4 23. Kf1 c5 24. Ke1 Ke7 25. Nd2 g5 26. Ne4 c4 27. f3 Bf5 28. Rd1 Rb8 29. b3 g4 30. Kf2 Bxe4
31. fxe4 Rd8 32. Rxd8 Kxd8 33. Ke3 Kc7 34. Kd2 Kc6 35. Kc1 Kb5 36. Kb2 Kc5 37. a4 Kb6 38. Ka3 Kc5 39. Kb2 Kb6 40. Ka2 Kc5
41. Ka3 a6 42. a5 Kb5 43. b4 h6 44. Kb2 Kc6 45. Ka2 Kc7 46. Ka3
1-0

[Event "Warm up to 2000 III"]
[Site "SchemingMind.com"]
[Date "2006.12.08"]
[Round "-"]
[White "reptile"]
[Black "calidore"]
[Result "1-0"]
[WhiteCountry "ISR"]
[BlackCountry "ISR"]
[WhiteElo "1947"]
[WhiteRD "76"]
[BlackElo "1836"]
[BlackRD "62"]
[GameID "81073"]

1. d4 Nf6 2. c4 e6 3. Nc3 Bb4 4. e3 c5 5. Bd3 Nc6 6. Nf3 O-O 7. O-O cxd4 8. exd4 a6 9. a3 Be7 10. Re1 Qc7
11. b4 b6 12. Bg5 Bb7 13. Rc1 Rac8 14. d5 Nd8 15. Bxf6 Bxf6 16. Ne4 Bb2 17. Rb1 Bxa3 18. Rb3 exd5 19. Nf6+ gxf6 20. Bxh7+ Kxh7
21. Nd4 Ne6 22. Qh5+ Kg8 23. Rh3 Qxh2+ 24. Kxh2 Ng5 25. Qh8#
1-0

[Event "Warm up to 2000 III"]
[Site "SchemingMind.com"]
[Date "2006.12.08"]
[Round "-"]
[White "paddyBosnian"]
[Black "calidore"]
[Result "1-0"]
[WhiteCountry "BIH"]
[BlackCountry "ISR"]
[WhiteElo "1889"]
[WhiteRD "84"]
[BlackElo "1860"]
[BlackRD "65"]
[GameID "81074"]

1. d4 Nf6 2. c4 e6 3. Nc3 d5 4. Nf3 c5 5. e3 Nc6 6. cxd5 exd5 7. Bb5 a6 8. Bxc6+ bxc6 9. Qa4 cxd4 10. exd4 Bd7
11. O-O Be7 12. Ne5 Qc8 13. Bg5 O-O= 14. Bxf6 Bxf6 15. Nxd5 cxd5 16. Nxd7 Bxd4 17. Nxf8 Bxb2 18. Rab1 Be5 19. Nd7 Bd6 20. Nb6
1-0